| 000 | 00957nas a2200313 4500 | ||
|---|---|---|---|
| 001 | BR2010000235 | ||
| 003 | BR-BrBNA | ||
| 005 | 20231205114037.0 | ||
| 007 | ta | ||
| 008 | 230509b bl.|||p| |||| 00| 00por d | ||
| 040 |
_aBR-BrBNA _bpor _cBiblioteca Nacional de Agricultura |
||
| 041 | _a(Pt) | ||
| 072 | _aF02 | ||
| 100 | 1 | _aAraújo, A.G. de | |
| 100 | 1 | _aPasqual, M. | |
| 100 | 1 | _aRodrigues, F.A. | |
| 100 | 1 | _aRodrigues, J.D. | |
| 100 | 1 | _aCastro, E.M. de | |
| 100 | 1 | _aSantos, A.M. | |
| 245 | 1 | _aCrescimento in vitro de Cattleya loddigesii Lindl. em diferentes espectros luminosos associados com ácido giberélico | |
| 650 | _aORQUÍDEA | ||
| 650 | _aPLANTA ORNAMENTAL | ||
| 650 | _aCULTURA DE TECIDO | ||
| 650 | _aÁCIDO GIBERÉLICO | ||
| 650 | _aMUDA | ||
| 773 | 0 |
_tRevista Ceres (Brazil) _xISSN 0034-737X _g(Sep-Oct 2009), v. 56(5) p. 542-546 _wBR2010000235 |
|
| 909 |
_a202311 _bLúcia _c55 _dLúcia Elande |
||
| 942 |
_2AGRIS _n0 _cANA |
||
| 999 |
_c206844 _d206844 |
||